<?xml version="1.0" encoding="UTF-8"?><?xml-stylesheet type="text/xsl" href="static/style.xsl"?><OAI-PMH xmlns="http://www.openarchives.org/OAI/2.0/" xmlns:xsi="http://www.w3.org/2001/XMLSchema-instance" xsi:schemaLocation="http://www.openarchives.org/OAI/2.0/ http://www.openarchives.org/OAI/2.0/OAI-PMH.xsd"><responseDate>2026-06-06T04:54:36Z</responseDate><request verb="GetRecord" identifier="oai:riuma.uma.es:10630/16328" metadataPrefix="marc">https://riuma.uma.es/rest/oai/request</request><GetRecord><record><header><identifier>oai:riuma.uma.es:10630/16328</identifier><datestamp>2026-02-03T12:10:18Z</datestamp><setSpec>com_10630_2254</setSpec><setSpec>col_10630_37959</setSpec></header><metadata><record xmlns="http://www.loc.gov/MARC21/slim" xmlns:dcterms="http://purl.org/dc/terms/" xmlns:doc="http://www.lyncode.com/xoai" xmlns:xsi="http://www.w3.org/2001/XMLSchema-instance" xsi:schemaLocation="http://www.loc.gov/MARC21/slim http://www.loc.gov/standards/marcxml/schema/MARC21slim.xsd">
   <leader>00925njm 22002777a 4500</leader>
   <datafield ind2=" " ind1=" " tag="042">
      <subfield code="a">dc</subfield>
   </datafield>
   <datafield ind2=" " ind1=" " tag="720">
      <subfield code="a">Gago-Calderón, Alfonso</subfield>
      <subfield code="e">author</subfield>
   </datafield>
   <datafield ind2=" " ind1=" " tag="720">
      <subfield code="a">Ocaña Miguel, Antonio</subfield>
      <subfield code="e">author</subfield>
   </datafield>
   <datafield ind2=" " ind1=" " tag="720">
      <subfield code="a">Andrés-Díaz, José Ramón</subfield>
      <subfield code="e">author</subfield>
   </datafield>
   <datafield ind2=" " ind1=" " tag="260">
      <subfield code="c">2018-07-20</subfield>
   </datafield>
   <datafield ind2=" " ind1=" " tag="520">
      <subfield code="a">Las normas reguladoras de medidas eficiencia energética en instalaciones de alumbrado exterior, independientemente de favorecer implantar nuevas fuentes de luz, también promueven el uso de sistemas de regulación que adapten los niveles de iluminación y consumos a las necesidades particulares de las diferentes etapas de la noche (anochecer, madrugada, amanecer,…)&#xd;
Entre 2014 y 2017 la mayoría de concursos públicos de renovación de alumbrado público exigían la implantación de sistemas de telegestión y control punto a punto de luminarias. Estos sistemas se han probado muy potentes, pero, a la vez, complejos y con costes operativos elevados (comunicaciones, mantenimiento,…)&#xd;
En este trabajo presentamos un sistema de bajo coste que permite implementar un procedimiento de comunicación desde los cuadros eléctricos con sus  luminarias instaladas y modificar su programación de regulación de intensidad para adaptarlas a necesidades cambiantes: inviernos o veranos con duración de noches y comportamientos sociales diferenciados, fiestas,…&#xd;
Esta arquitectura se implementa en base a un microprocesador electrónicos con capacidad para contar tramos de tiempos de encendido de las luminarias de modo que pueden detectar pulsos de arranque de duración controlada desde los cuadros eléctricos que permite programar</subfield>
   </datafield>
   <datafield ind1="8" ind2=" " tag="024">
      <subfield code="a">https://hdl.handle.net/10630/16328</subfield>
   </datafield>
   <datafield tag="653" ind2=" " ind1=" ">
      <subfield code="a">Alumbrado público</subfield>
   </datafield>
   <datafield ind2="0" ind1="0" tag="245">
      <subfield code="a">Arquitectura de programación de equipos de alumbrado público en campo sin hardware de comunicaciones punto a punto</subfield>
   </datafield>
</record>
</metadata></record></GetRecord></OAI-PMH>